| 000 | 00895cam a2200241 4500 | ||
|---|---|---|---|
| 008 | 090401t1990 xxu||||| |||| 00| 0 eng d | ||
| 020 | _a9519600396 | ||
| 035 | _a(Sirsi) u69580 | ||
| 041 | _aeng | ||
| 050 | _a526.9 | ||
| 110 | _aFederation International Des Geometres | ||
| 245 | _aXVIX (i.e. XIX) congress ... Helsinki , Finland, June 10-19 1990: commission 6 ... engineering surveys | ||
| 260 |
_aHelsinki _bFIG _c1990 |
||
| 300 | _a473p. : ill. ; 21cm. | ||
| 350 | _a0 | ||
| 520 | _aPapers include:-Modifications to tellurometer MA200 for use in industrial measurements/ ALLAN,A -Geodetic and atmospheric problems in surveying for Channel Tunnel / RADCLIFFE,E JOHNSTON,A -Laser guidance for tunnel-boring machines / GORHAM,B | ||
| 650 | _aDEFORMATION | ||
| 650 | _aENGINEERING SURVEYING | ||
| 650 | _aLASERS | ||
| 650 | _aTELLUROMETERS | ||
| 942 | _n0 | ||
| 948 | _c04/03/1997 | ||
| 999 |
_c95212 _d95212 |
||